| 000 | 00976nam a2200229 a 4500 | ||
|---|---|---|---|
| 001 | 000000803 | ||
| 005 | 20250621074003.0 | ||
| 008 | 090522s1990 dr 000 0 spa d | ||
| 040 |
_aDO-SdBNP _bspa _cBNPHU |
||
| 082 |
_a320.1 _bC577e |
||
| 100 | 1 |
_aCiprián, Rafael, _d1959 - _9839 |
|
| 245 | 1 | 3 |
_aEl Estado en su doble función : _bpolítica y social / _cRafael Ciprián. |
| 260 |
_aSanto Domingo : _bTaller, _c1990. |
||
| 300 |
_a83 p. ; _c20 cm. |
||
| 504 | _aBibliografía: p. 81-83 | ||
| 500 | _aIncluye biografía del autor en la contracubierta | ||
| 505 | 0 |
_tDedicatoria -- _tIntroducción -- _tEl Estado en su doble función -- _tEl Estado en su función social -- _tEl Estado y la realidad social de la niñez dominicana -- _tEl Estado es el culpable de la paternidad irresponsable -- _tBibliografía. |
|
| 590 | _aInventariado,2018/DG | ||
| 650 | 0 |
_aEstado _9726 |
|
| 651 | 0 |
_aRepública Dominicana _xPolítica y gobierno _945 |
|
| 910 | _aValidado. Control de calidad MFF | ||
| 999 |
_c799 _d799 |
||